Introduction to linear algebra with applications / (Record no. 16070)

MARC details
000 -LEADER
fixed length control field 01150cam a2200301 a 4500
001 - CONTROL NUMBER
control field 15325973
003 - CONTROL NUMBER IDENTIFIER
control field OSt
005 - DATE AND TIME OF LATEST TRANSACTION
control field 20211101105536.0
008 - FIXED-LENGTH DATA ELEMENTS--GENERAL INFORMATION
fixed length control field 080611s2009 maua 001 0 eng
010 ## - LIBRARY OF CONGRESS CONTROL NUMBER
LC control number 2008026020
020 ## - INTERNATIONAL STANDARD BOOK NUMBER
International Standard Book Number 9780073532356 (hard copy : alk. paper)
020 ## - INTERNATIONAL STANDARD BOOK NUMBER
International Standard Book Number 0073532355 (hard copy : alk. paper)
040 ## - CATALOGING SOURCE
Original cataloging agency DDC
Transcribing agency HU
Modifying agency DLC
050 00 - LIBRARY OF CONGRESS CALL NUMBER
Classification number QA184.2
Item number .D44 2009
082 00 - DEWEY DECIMAL CLASSIFICATION NUMBER
Classification number 512.5/DEF
Edition number 22
100 1# - MAIN ENTRY--PERSONAL NAME
Personal name DeFranza, James,
Dates associated with a name 1950-
9 (RLIN) 16455
245 10 - TITLE STATEMENT
Title Introduction to linear algebra with applications /
Statement of responsibility, etc. James DeFranza, Daniel Gagliardi.
260 ## - PUBLICATION, DISTRIBUTION, ETC.
Place of publication, distribution, etc. Boston :
Name of publisher, distributor, etc. McGraw-Hill/Higher Education,
Date of publication, distribution, etc. c2009.
300 ## - PHYSICAL DESCRIPTION
Extent xviii, 488 p. :
Other physical details ill. ;
Dimensions 24 cm.
500 ## - GENERAL NOTE
General note Includes index.
650 #0 - SUBJECT ADDED ENTRY--TOPICAL TERM
Topical term or geographic name entry element Algebras, Linear
Form subdivision Textbooks.
9 (RLIN) 10843
650 #0 - SUBJECT ADDED ENTRY--TOPICAL TERM
Topical term or geographic name entry element Algebras, Linear
Form subdivision Problems, exercises, etc.
9 (RLIN) 16456
700 1# - ADDED ENTRY--PERSONAL NAME
Personal name Gagliardi, Daniel.
9 (RLIN) 16457
856 41 - ELECTRONIC LOCATION AND ACCESS
Materials specified Table of contents only
Uniform Resource Identifier <a href="http://www.loc.gov/catdir/toc/ecip0820/2008026020.html">http://www.loc.gov/catdir/toc/ecip0820/2008026020.html</a>
906 ## - LOCAL DATA ELEMENT F, LDF (RLIN)
a 7
b cbc
c orignew
d 1
e ecip
f 20
g y-gencatlg
942 ## - ADDED ENTRY ELEMENTS (KOHA)
Source of classification or shelving scheme Dewey Decimal Classification
Koha item type Books like text book referance book
Suppress in OPAC No
Holdings
Withdrawn status Lost status Source of classification or shelving scheme Damaged status Not for loan Home library Current library Date acquired Total Checkouts Full call number Barcode Date last seen Copy number Price effective from Koha item type
    Dewey Decimal Classification     Natural & Computational Science Library Natural & Computational Science Library 11/01/2021   512.5/DEF NSCLIB00011657 11/01/2021 1 11/01/2021 Books like text book referance book